FIFA 17 Legends - Statistics

General Stats
  • This quiz has been taken 967 times
  • The average score is 21 of 76
Answer Stats
Rating Player % Correct
95 Pele
97%
92 Paolo Maldini
60%
90 Ruud Gullit
53%
93 Franz Beckenbauer
52%
88 Roberto Carlos
52%
91 Marco van Basten
46%
88 Patrick Vieira
42%
89 Edwin van der Sar
39%
88 Rio Ferdinand
38%
92 Franco Baresi
37%
90 George Best
35%
88 Michael Owen
35%
90 Luis Figo
34%
90 Peter Schmeichel
34%
89 Paul Scholes
33%
86 Gary Neville
32%
91 Lothar Matthaus
32%
89 Alan Shearer
31%
90 Alessandro Nesta
31%
88 Javier Zanetti
31%
90 Carles Puyol
30%
90 Dennis Bergkamp
30%
89 Gary Lineker
30%
89 George Weah
30%
89 Laurent Blanc
30%
89 Marcel Desailly
30%
90 Alessandro Del Piero
29%
90 Ruud van Nistelrooy
29%
88 David Seaman
28%
88 Robert Pires
28%
89 Ryan Giggs
28%
89 Fabio Cannavaro
27%
86 Sol Campbell
27%
89 Bobby Moore
25%
88 Brian Laudrup
25%
86 Carlos Valderrama
25%
89 Michael Laudrup
25%
86 Alexi Lalas
24%
87 Filippo Inzaghi
24%
87 Christian Vieri
23%
87 Hernan Crespo
23%
86 Jamie Carragher
23%
88 Jens Lehmann
23%
87 Emmanuel Petit
22%
88 Juan Sebastian Veron
22%
86 Landon Donovan
22%
90 Emilio Butragueno
21%
87 Henrik Larsson
21%
87 Jay-Jay Okocha
21%
88 Roy Keane
21%
88 Rui Costa
21%
86 Teddy Sherringham
21%
87 Andreas Brehme
20%
88 Andriy Shevchenko
20%
89 Fernando Hierro
20%
86 Frank De Boer
20%
87 Luis Hernandez
20%
88 Marc Overmars
20%
88 Patrick Kluivert
20%
89 Pavel Nedved
20%
86 Robbie Fowler
20%
88 Frank Rijkaard
19%
89 Gheorghe Hagi
19%
87 Gianfranco Zola
19%
87 Deco
18%
87 Gennaro Gattuso
18%
88 Jari Litmanen
17%
87 Paulo Futre
17%
90 Hristo Stoichkov
16%
87 Vitor Baia
16%
88 Davor Suker
14%
86 Freddie Ljungberg
13%
87 Pauleta
13%
87 Oliver Bierhoff
12%
86 Stefan Effenberg
11%
86 Ole Gunnar Solskjaer
10%
No matching quizzes found
Score Distribution
Percent of People with Each Score
Percentile by Number Answered
Your Score History
You have not taken this quiz